00757 2200265 4500001002100000005001500021035002000036007000300056008004100059020002200100082001000122084001600132100002200148245009500170250002200265260003800287300003200325650002500357700002300382700002700405504002700432990001100459990001100470990001000481INLIS00000000000395620190820105048 a0010-0819000099ta190820 g 0 ind  a978-979-002-683-0 a712.6 a712.6 GAR t0 aGARSINIA, Lestari1 aTanaman Hias Lanskap /cGarsinia Lestari, Ira Puspa Kencana; editor, Febriani Ai Nurrohmah aed. revisi, cet.1 aJakarta :bPenebar Swadaya,c2015 a343 hlm. :bilus. ;c23 cm. 4aTANAMAN HIAS LANSKAP0 aIRA, Puspa Kencana0 aFEBRIANI, Ai Nurrohmah aBibliografi : hlm. 328 a5406 a a5406 b a5406c